| 000 | 01141nam a2200253Ia 4500 | ||
|---|---|---|---|
| 003 | OSt | ||
| 005 | 20250410153639.0 | ||
| 008 | 191128t1995 ck er 000 f spa d | ||
| 020 | _a9580431493 | ||
| 040 |
_aCO-JMCR _cCO-JMCR |
||
| 041 | _aspa | ||
| 082 | 0 | 4 |
_aA-N _bBRYn |
| 100 | 1 |
_aBryce Echenique, Alfredo, _d1939 _eautor _96377 |
|
| 245 | 1 | 0 |
_aNo me esperen en abril / _cAlfredo Bryce Echenique |
| 250 | _aPrimera edición | ||
| 260 |
_aBogotá : _bNorma, _c©1995 |
||
| 300 |
_a588 páginas ; _c21 cm. |
||
| 490 | 0 | _aLa otra orilla | |
| 500 | _aIncluye biográfia del autor en solapa | ||
| 505 | _aConversaciones de señores -- Las inquietudes de un brigadier distraído -- Rachmaninov piano concreto #2 -- Rhapsody on a theme of paganini -- Lucho gatica y Nat King Cole -- Marzo antes de abril -- Marzo una semana antes de abril | ||
| 520 | _aLa historia comienza con la matutina conversación del entonces anglófilo ministro de Hacienda, Álvaro de Aliaga y Harriman, con su esposa. En la conversación don Álvaro le confiesa a su esposa que tiene la idea de abrir un interna | ||
| 650 | 1 | 4 |
_aNovela _96378 |
| 942 |
_2ddc _cBK |
||
| 999 |
_c4172 _d4172 |
||